000 00603nam a2200241Ia 4500
003 OSt
005 20220918214753.0
006 a|||||r|||| 00| 0
007 ta
008 220917b |||||||| |||| 00| 0 eng d
024 _a138,899
037 _cTextual
040 _aARTS
_cARTS
_beng
041 _2eng
_aeng
082 _aY1:1s58:N5, J8-;1
110 _aUSSR Ministers
_9132494
245 0 _aCultural progress in the USSR
260 _c1958
650 _aSOCIOLOGY
700 _aUSSR Ministers
_9132495
942 _hY1:1s58:N5, J8-;1
_cTEXL
_2CC
999 _c261947
_d261947